000
00284nam a2200121Ia 4500
008
241002s9999 xx 000 0 und d
082
_a
193 FRI
100
_a
Friedrich, Garl J.
245
4
_a
The Philosophy of Kant
260
_a
New York:
_c
1949
600
_a
Philosophy
942
_c
UC
999
_c
18417
_d
18417